000 00794nam a2200253Ia 4500
003 OSt
005 20220926034053.0
006 a|||||r|||| 00| 0
007 ta
008 220923b |||||||| |||| 00| 0 eng d
020 _a0815701136
037 _cGeneral Book
040 _aRTL
_cRTL
_beng
041 _2eng
_aeng
082 _aX:(Z,267), P1
100 _aBlair Margaret M.
_9340021
245 0 _aUnseen wealth
_b Report of the brooking task force on intangibles
260 _aWashington
_bBrooking Institution Press U. S. A.
_c2001
300 _ax, 124p. Appendix p.95-100
_ccm.
650 _aEconomic Law
700 _a Wallman Steven M. H.
_9340022
942 _hX:(Z,267), P1
_cGB
_2CC
999 _c658683
_d658683